Geography Quiz

Random Geography or State Quiz

Multi-Word US Capitals Quiz Stats

 Plays Quiz Updated Oct 1, 2018

Score 0/9 Timer 02:00
3 Plays Today
City % Correct
Oklahoma City
76.4%
Carson City
72.7%
Baton Rouge
70.5%
Jefferson City
68.3%
Des Moines
63.7%
Santa Fe
63.7%
Salt Lake City
62.1%
St. Paul
62.1%
Little Rock
59.7%

You're not logged in!

Compare scores with friends on all Sporcle quizzes.
OR
Log In

Sporcle TV

Today on Sporcle TV


Watch our educational content, quiz creation guides, and fun videos on Sporcle TV.

Show Comments

Extras

Top Quizzes Today


Score Distribution

Your Account Isn't Verified!

In order to create a playlist on Sporcle, you need to verify the email address you used during registration. Go to your Sporcle Settings to finish the process.

Report this User

Report this user for behavior that violates our Community Guidelines.

Details: